De las propiedades del ente en general y de sus principios
সংরক্ষণ করুন:
| প্রধান লেখক: | |
|---|---|
| বিন্যাস: | গ্রন্থ |
| ভাষা: | স্প্যানিশ |
| প্রকাশিত: |
Buenos Aires
Aguilar
1977
|
| সংস্করন: | 4a. ed |
| মালা: | Iniciación Filosófica
|
| বিষয়গুলি: | |
| ট্যাগগুলো: |
ট্যাগ যুক্ত করুন
কোনো ট্যাগ নেই, প্রথমজন হিসাবে ট্যাগ করুন!
|
MARC
| LEADER | 00000cam a2200000 a 4500 | ||
|---|---|---|---|
| 001 | UCZ5572 | ||
| 003 | CL-VaPUC | ||
| 008 | 951124e19770000AG |||||||||||||||||spa|d | ||
| 082 | 0 | 4 | |a 111 |b SUA |2 21 |
| 100 | |a Suárez, Francisco, |c S.I. |e author |9 255840 | ||
| 245 | 1 | 0 | |a De las propiedades del ente en general y de sus principios |
| 250 | |a 4a. ed | ||
| 300 | |a 67 p | ||
| 942 | |c BK | ||
| 945 | |d 19951124 00:00:00 |a aalvarez | ||
| 260 | |a Buenos Aires |b Aguilar |c 1977 | ||
| 650 | 0 | |a Filosofía del espíritu |9 320175 | |
| 650 | 0 | |a Ontología |9 256850 | |
| 650 | 7 | |a SER |2 CL-VaPUC |9 320176 | |
| 650 | 0 | |a Filosofía española |9 254895 | |
| 583 | |a last modification |c 20160714 01:08:14 |k Rodrigo Vera | ||
| 490 | 0 | |a Iniciación Filosófica | |
| 999 | |c 241868 |d 241866 | ||
| 952 | |0 0 |1 2 |4 0 |6 111_000000000000000_SUA_1977 |7 0 |8 A |9 254426 |a BIBTEO |b BIBTEO |d 2019-11-19 |i 2021560 |o 111 SUA 1977 |p 2021560 |r 2019-11-19 |w 2019-11-19 |x Descarte 2019 |y BK |k ICR | ||
| 952 | |0 0 |1 0 |4 0 |6 111_000000000000000_SUA_1977 |7 0 |8 A |9 254427 |a BIBTEO |b BIBTEO |d 2019-11-19 |i 2021579 |o 111 SUA 1977 |p 2021579 |r 2025-01-17 |w 2019-11-19 |y BK |k ICR | ||
| 952 | |0 0 |1 0 |4 0 |6 111_000000000000000_SUA_1977 |7 0 |8 A |9 254428 |a BIBTEO |b BIBTEO |d 2019-11-19 |i 2021587 |o 111 SUA 1977 |p 2021587 |r 2019-11-19 |w 2019-11-19 |y BK |k ICR | ||
| 952 | |0 0 |1 0 |4 0 |6 111_000000000000000_SUA_1977 |7 0 |8 A |9 254429 |a BIBTEO |b BIBTEO |d 2019-11-19 |i 2021609 |o 111 SUA 1977 |p 2021609 |r 2019-11-19 |w 2019-11-19 |y BK |k ICR | ||
| 952 | |0 0 |1 0 |3 erb |4 0 |6 111_000000000000000_SUA_1977 |7 0 |8 A |9 254430 |a FDOHBE |b FDOHBE |e Huesbe Llanos, Marco Antonio, 1934- |i 5308054 |o 111 SUA 1977 |p 5308054 |r 2024-01-30 |w 2019-11-19 |y BK |z Catalogado en:20160717 |k HBE | ||